000 00473 a2200181 4500
005 20260220105748.0
008 260220b |||||||| |||| 00| 0 eng d
020 _a9788198943330
_cRs. 800.00
040 _aMAIN
082 _a824.8
_bR911M
100 _aRussell, Bertrand
245 _aMarriage and morals
260 _bDelta Book World
_c2026
_aNew Delhi
300 _a195
650 _aFamily- Moral and Ethical Aspects
650 _aSexual Morality
942 _cBK
999 _c396162
_d396162